[Event "PAR-ch sf"]
[Site "Asuncion"]
[Date "2017.08.13"]
[Round "4"]
[White "Sartorio, Fernando"]
[Black "Nunez, Pablo"]
[Result "1-0"]
[WhiteElo "1546"]
[BlackElo "1159"]
[PlyCount "121"]
[EventDate "2017.08.11"]
[EventType "swiss"]
[EventRounds "9"]
[EventCountry "PAR"]
[SourceTitle "CBM 180 Extra"]
[Source "ChessBase"]
[SourceDate "2017.10.06"]
[SourceVersion "1"]
[SourceVersionDate "2017.10.06"]
[SourceQuality "1"]

1. e4 e5 2. Nf3 Nc6 3. d4 exd4 4. Nxd4 Nf6 5. Nc3 Bb4 6. Nxc6 bxc6 7. Bd3 0-0 8. 0-0 Re8 9. Qf3 d5 10. exd5 cxd5 11. Bg5 Be7 12. Bxf6 Bxf6 13. Nxd5 Be6 14. Nxf6+ Qxf6 15. Qxf6 gxf6 16. Rfe1 Bd7 17. Kf1 Rab8 18. b3 Kg7 19. Rad1 h6 20. Rxe8 Rxe8 21. Be2 Bc6 22. Bh5 Re5 23. g4 Ra5 24. a4 Rc5 25. Rd2 f5 26. gxf5 Rxf5 27. Bg4 Rg5 28. Rd4 Rd5 29. Rxd5 Bxd5 30. Bf5 Kf6 31. Bd3 a5 32. f4 Ke6 33. Kf2 f5 34. Ke3 Kf6 35. Kd4 Be6 36. Kc5 Kg6 37. Be2 Bd7 38. h4 Kf6 39. h5 Ke7 40. Bb5 Bc8 41. c3 Be6 42. b4 axb4 43. cxb4 Bf7 44. Be2 Kd8 45. a5 Ba2 46. Bd3 Be6 47. a6 Kc8 48. Bc4 Bd7 49. Bd5 Kb8 50. b5 Ka7 51. Bc6 Bc8 52. Be8 Kb8 53. Kc6 Be6 54. Bd7 Bf7 55. Bxf5 Bxh5 56. Be4 Be8+ 57. Kc5 Ka7 58. f5 Bh5 59. f6 Be8 60. Bd5 h5 61. f7 1-0

[Event "Asuncion Clasificatorio op 3rd"]
[Site "Asuncion"]
[Date "2017.02.26"]
[Round "4"]
[White "Sartorio, Fernando"]
[Black "Encina, Alfred"]
[Result "0-1"]
[WhiteElo "1559"]
[BlackElo "1799"]
[PlyCount "44"]
[EventDate "2017.02.24"]
[EventType "swiss"]
[EventRounds "7"]
[EventCountry "PAR"]
[SourceTitle "CBM 177 Extra"]
[Source "ChessBase"]
[SourceDate "2017.04.27"]
[SourceVersion "1"]
[SourceVersionDate "2017.04.27"]
[SourceQuality "1"]

1. e4 c5 2. Nf3 g6 3. d4 cxd4 4. Nxd4 Bg7 5. Nc3 Nc6 6. Be3 Nf6 7. f3 0-0 8. Qd2 d5 9. 0-0-0 dxe4 10. fxe4 Nxd4 11. Bxd4 Bg4 12. Be2 Be6 13. Kb1 Qa5 14. Nd5 Qxd2 15. Nxe7+ Kh8 16. Rxd2 Nxe4 17. Bxg7+ Kxg7 18. Rd4 Nf6 19. Bf3 Rad8 20. Rhd1 Rxd4 21. Rxd4 Re8 22. Nxg6 hxg6 0-1

[Event "PAR-ch op"]
[Site "Asuncion"]
[Date "2016.10.21"]
[Round "1"]
[White "Sartorio, Jose"]
[Black "Sartorio, Fernando"]
[Result "1-0"]
[WhiteElo "1957"]
[BlackElo "1674"]
[PlyCount "37"]
[EventDate "2016.10.21"]
[EventType "swiss"]
[EventRounds "9"]
[EventCountry "PAR"]
[SourceTitle "EXT 2018"]
[Source "ChessBase"]
[SourceDate "2017.10.13"]
[SourceVersion "1"]
[SourceVersionDate "2017.10.13"]
[SourceQuality "1"]

1. e4 e5 2. Nf3 Nc6 3. Bb5 d6 4. d4 Bd7 5. 0-0 exd4 6. Nxd4 Nxd4 7. Bxd7+ Qxd7 8. Qxd4 Nf6 9. c4 Be7 10. Nc3 0-0 11. h3 Rfe8 12. Rd1 Qc6 13. Be3 a6 14. Rac1 Bf8 15. f3 Re5 16. Nd5 Nd7 17. b3 Rae8 18. Qd2 R8e6 19. Nb4 1-0

[Event "Asuncion Clasificatorio op 6th"]
[Site "Asuncion"]
[Date "2016.10.02"]
[Round "5.7"]
[White "Sartorio, Fernando"]
[Black "Heinechen, John"]
[Result "0-1"]
[WhiteElo "1620"]
[BlackElo "1918"]
[PlyCount "102"]
[EventDate "2016.09.30"]
[EventType "swiss"]
[EventRounds "7"]
[EventCountry "PAR"]
[SourceTitle "EXT 2023"]
[Source "ChessBase"]
[SourceDate "2022.10.05"]
[SourceVersion "1"]
[SourceVersionDate "2022.10.05"]
[SourceQuality "1"]

1. e4 c5 2. d4 cxd4 3. c3 Nf6 4. e5 Nd5 5. cxd4 e6 6. Nf3 b6 7. Bc4 Bb7 8. 0-0 d6 9. Nc3 Nxc3 10. bxc3 Nd7 11. Ba3 Rc8 12. Qd3 dxe5 13. Bxf8 e4 14. Qe3 Nxf8 15. Bb5+ Bc6 16. Bxc6+ Rxc6 17. Ne5 Rc7 18. Rfd1 Nd7 19. Qxe4 0-0 20. Rd3 Nf6 21. Qf3 Qd5 22. Qg3 Ne4 23. Qe3 b5 24. Re1 Nd6 25. Qf4 f6 26. Ng4 e5 27. Qd2 e4 28. Rh3 Rfc8 29. Qf4 Ne8 30. Rxe4 f5 31. Rxe8+ Rxe8 32. Ne5 Qxa2 33. g4 Qb1+ 34. Kg2 Qe4+ 35. Qxe4 fxe4 36. Re3 Rxe5 37. dxe5 Rc4 38. Kg3 a5 39. f4 a4 40. e6 Kf8 41. g5 g6 42. f5 gxf5 43. Kf4 Rc5 44. Rh3 Ke7 45. Rxh7+ Kxe6 46. g6 Kf6 47. g7 Kf7 48. Kg5 Kg8 49. Rh6 Kxg7 50. Rg6+ Kf7 51. h4 e3 0-1

[Event "Ciudad del Este qual 5th"]
[Site "Ciudad del Este"]
[Date "2016.08.13"]
[Round "2.4"]
[White "Cantero, Carlos Ramon"]
[Black "Sartorio, Fernando"]
[Result "1/2-1/2"]
[WhiteElo "1905"]
[BlackElo "1596"]
[PlyCount "108"]
[EventDate "2016.08.12"]
[EventType "swiss"]
[EventRounds "7"]
[EventCountry "PAR"]
[SourceTitle "EXT 2023"]
[Source "ChessBase"]
[SourceDate "2022.10.05"]
[SourceVersion "1"]
[SourceVersionDate "2022.10.05"]
[SourceQuality "1"]

1. d4 g6 2. e4 d6 3. Be3 Bg7 4. Bc4 Nf6 5. f3 c6 6. Bb3 Be6 7. Bxe6 fxe6 8. Qd2 Nbd7 9. Ne2 e5 10. Nbc3 Qc7 11. b4 a6 12. Rd1 Nb6 13. Qd3 Rd8 14. dxe5 Nfd7 15. exd6 exd6 16. f4 0-0 17. 0-0 Nf6 18. a4 Ng4 19. Bd4 d5 20. e5 Nc4 21. Ne4 Bxe5 22. fxe5 Ncxe5 23. Qg3 dxe4 24. Rxf8+ Rxf8 25. h3 Nf3+ 26. gxf3 Qxg3+ 27. Nxg3 Rxf3 28. hxg4 Rxg3+ 29. Kf2 Rxg4 30. Be3 h5 31. Rd8+ Kf7 32. Rd7+ Ke6 33. Rxb7 h4 34. c4 h3 35. Rh7 Rg2+ 36. Kf1 Rg3 37. Ke2 g5 38. b5 cxb5 39. cxb5 axb5 40. axb5 g4 41. b6 Rg2+ 42. Kf1 Rb2 43. Bf2 e3 44. Bxe3 h2 45. Bf2 g3 46. Bxg3 Rxb6 47. Rxh2 Rb1+ 48. Kg2 Rb2+ 49. Bf2 Rc2 50. Rh5 Kf6 51. Kf3 Rc4 52. Bg3 Ra4 53. Bf4 Rc4 54. Kg4 Re4 1/2-1/2